000 00357nam a2200145Ia 4500
008 230917s9999||||xx |||||||||||||| ||und||
040 _e18868
_aMAIN
041 _aEnglish
082 _a330.9 K577E
100 _aKindleberger, Charles P
245 0 _aEconomic development
260 _aNew York
_bMcGraw-Hill
_c1958
300 _axvii, 425 p.
942 _cBK
999 _c65777
_d65777